Visión en claridad: Estudios sobre "cántico"
Gespeichert in:
| 1. Verfasser: | |
|---|---|
| Format: | Buch |
| Sprache: | Undetermined |
| Veröffentlicht: |
Madrid, España
Gredos
1976
|
| Schlagworte: | |
| Tags: |
Tag hinzufügen
Keine Tags, Fügen Sie den ersten Tag hinzu!
|
MARC
| LEADER | 00000nam a2200000Ia 4500 | ||
|---|---|---|---|
| 008 | 170316s9999 xx 000 0 und d | ||
| 040 | |a cru BVZ | ||
| 090 | |a 862 A-21v | ||
| 100 | |a Alvar, Manuel | ||
| 245 | |a Visión en claridad: Estudios sobre "cántico" | ||
| 260 | |a Madrid, España | ||
| 260 | |b Gredos | ||
| 260 | |c 1976 | ||
| 300 | |a 238 páginas | ||
| 650 | |a LITERATURA ESPAÑOLA | ||
| 999 | |c 9392 |d 9392 | ||
| 040 | |a cru BVZT | ||
| 942 | |c 15 D |h 862 A-21v |2 z | ||
